Lataa...

Microeconomics

Bibliografiset tiedot
Päätekijä: Gravelle, Hugh; Rees, Ray
Aineistotyyppi: Printed Book
Julkaistu: Longman, London 1996
Painos:2
Aiheet:
LEADER 00498nam a2200193 4500
020 |a 05882-023866 PPR 
082 |a 338.5 GRA-M2 
100 |a Gravelle, Hugh; Rees, Ray 
245 |a Microeconomics 
250 |a 2 
260 |a Longman, London  |c 1996 
300 |a 752 
490
500
590 |b Gift 
650 |a Microeconomics 
942 |c BK 
999 |c 114195  |d 114195 
952 |0 0  |1 0  |4 0  |6 338_500000000000000_GRAM2  |7 0  |9 127662  |a ECN  |b ECN  |l 0  |o 338.5 GRA-M2  |p ECN11217  |r 2019-09-25  |w 2019-09-25  |y BK